000
00256nam a2200109Ia 4500
008
230907s9999||||xx |||||||||||||| ||und||
082
_a
620.106
_b
ELG
245
0
_a
Engineering Fluid Mechanics /
260
_a
Wiley,
_c
2014
300
_a
688 p.
942
_c
BK
999
_c
598932
_d
598932